[Event "XXXVII Open International de Metz A (>1"]
[Site "METZ"]
[Date "2019.04.08"]
[Round "6.3"]
[White "Pucher, Sebastien"]
[Black "Solodovnichenko, Yuri"]
[Result "0-1"]
[WhiteElo "2309"]
[BlackElo "2554"]
[PlyCount "56"]
[EventDate "2019.??.??"]
[WhiteTeam "Club d'Echecs Metz Fischer"]
[BlackTeam "Vandoeuvre-Echecs"]

1. c4 e5 2. Nc3 Nf6 3. Nf3 Nc6 4. e3 Bb4 5. Qc2 O-O 6. Nd5 h6 7. Qf5 Nh7 8. a3
Bd6 9. b4 Re8 10. Bb2 e4 11. Nd4 Be5 12. O-O-O d6 13. Qh5 Ne7 14. Nxe7+ Qxe7
15. f4 Bf6 16. Be2 c5 17. bxc5 dxc5 18. Nb5 Bxb2+ 19. Kxb2 Nf6 20. Qh4 a6 21.
Nc3 b5 22. cxb5 axb5 23. Bxb5 Bd7 24. Bc4 Reb8+ 25. Kc2 Ba4+ 26. Nxa4 Rxa4 27.
Bb3 Rxa3 28. Rb1 c4 0-1

[Event "XXXVII Open International de Metz A (>1"]
[Site "METZ"]
[Date "2019.04.08"]
[Round "6.4"]
[White "Real, Thibault"]
[Black "Palac, Mladen"]
[Result "1-0"]
[WhiteElo "2247"]
[BlackElo "2550"]
[PlyCount "75"]
[EventDate "2019.??.??"]
[WhiteTeam "Lille Université Club Echiquier du Nord"]
[BlackTeam "Nice Alekhine"]

1. d4 Nf6 2. Bf4 g6 3. Nc3 d5 4. e3 Bg7 5. h4 c6 6. Nf3 Qb6 7. Rb1 Bg4 8. Be2
Bxf3 9. Bxf3 Nfd7 10. O-O O-O 11. e4 dxe4 12. Nxe4 Bxd4 13. h5 Be5 14. Be3 Qc7
15. g3 Nf6 16. Kg2 Nbd7 17. Rh1 Nxe4 18. Bxe4 Nf6 19. Bd3 Qd6 20. hxg6 hxg6 21.
Rh4 Qd5+ 22. f3 Nh5 23. Qh1 Bf6 24. Rg4 Kg7 25. Bc4 Qe5 26. Bd4 Qd6 27. Qxh5
Bxd4 28. Rd1 Qc5 29. Qxc5 Bxc5 30. Rh4 Rad8 31. Bd3 Rd6 32. Rdh1 Bd4 33. b3
Rfd8 34. f4 Kf8 35. g4 Bf6 36. Rh7 a5 37. a4 Rd4 38. Bc4 1-0

[Event "XXXVII Open International de Metz A (>1"]
[Site "METZ"]
[Date "2019.04.08"]
[Round "6.6"]
[White "Devallee, Jeremie"]
[Black "Di Nicolantonio, Lucas"]
[Result "0-1"]
[WhiteElo "2305"]
[BlackElo "2359"]
[PlyCount "96"]
[EventDate "2019.??.??"]
[WhiteTeam "C'Chartres Echecs"]
[BlackTeam "Club d'Echecs de l'Agglomeration Chamberienne"]

1. e4 e5 2. Nf3 Nf6 3. Nxe5 d6 4. Nf3 Nxe4 5. Nc3 Nxc3 6. dxc3 Be7 7. Be3 O-O
8. Qd2 Nd7 9. O-O-O Nf6 10. Kb1 c5 11. h3 Be6 12. Ng5 Bd7 13. h4 Rc8 14. f3 d5
15. g4 d4 16. cxd4 c4 17. c3 Ba4 18. Re1 Qa5 19. Ne4 Nd5 20. Bf2 Bb3 21. axb3
cxb3 22. Bd3 Nb4 23. Kc1 Qa1+ 24. Bb1 Rfe8 25. Kd1 Qxb1+ 26. Ke2 Qc2 27. cxb4
Bxb4 28. Qxc2 Rxc2+ 29. Kd3 Bxe1 30. Bxe1 Rc1 31. Rg1 Rd1+ 32. Kc3 Rc8+ 33.
Kxb3 Rcc1 34. Nc3 Rxe1 35. Rg2 Kf8 36. Rd2 Ke8 37. Rd3 Kd7 38. d5 Rh1 39. h5
Rh3 40. Ne4 Rh2 41. Ng5 Rcc2 42. Nxf7 Rxb2+ 43. Ka3 Rbd2 44. Ne5+ Kd8 45. Re3
Rxd5 46. h6 gxh6 47. f4 Rf2 48. f5 h5 0-1

[Event "XXXVII Open International de Metz A (>1"]
[Site "METZ"]
[Date "2019.04.08"]
[Round "6.7"]
[White "Maiorov, Nikita"]
[Black "Hejazipour, Mitra"]
[Result "1-0"]
[WhiteElo "2540"]
[BlackElo "2255"]
[PlyCount "71"]
[EventDate "2019.??.??"]
[BlackTeam "USAM Echiquier Brestois"]

1. d4 Nf6 2. c4 e6 3. Nc3 Bb4 4. Qc2 O-O 5. a3 Bxc3+ 6. Qxc3 b6 7. Bg5 Bb7 8.
f3 h6 9. Bh4 d5 10. e3 Re8 11. Nh3 Nbd7 12. cxd5 exd5 13. Be2 c5 14. O-O Qe7
15. Bf2 Rac8 16. Rfe1 c4 17. b3 b5 18. bxc4 bxc4 19. Bd1 Bc6 20. Nf4 Nb6 21. a4
Rb8 22. Ne2 Nc8 23. Qd2 Rb4 24. Nc3 Qb7 25. Bc2 Nd6 26. Bh4 Re6 27. Bxf6 Rxf6
28. e4 dxe4 29. fxe4 Rb2 30. e5 Rg6 31. d5 Bxd5 32. Nxd5 c3 33. Nxc3 Nf5 34.
Rab1 Ne7 35. Qd8+ Kh7 36. Bxg6+ 1-0

[Event "XXXVII Open International de Metz A (>1"]
[Site "METZ"]
[Date "2019.04.08"]
[Round "6.8"]
[White "Ojas Kulkarni"]
[Black "Bujisho, Benjamin"]
[Result "1/2-1/2"]
[WhiteElo "2240"]
[BlackElo "2339"]
[PlyCount "72"]
[EventDate "2019.??.??"]
[BlackTeam "Chevau-légers de la Choisille"]

1. c4 d6 2. d4 Nf6 3. Nc3 g6 4. e4 Bg7 5. Be2 O-O 6. Be3 Na6 7. Nf3 e5 8. O-O
Ng4 9. Bg5 f6 10. Bc1 Nh6 11. dxe5 dxe5 12. Qc2 c6 13. Rd1 Qe7 14. h3 Nf7 15.
a3 Nc5 16. b4 Ne6 17. Be3 Bh6 18. c5 Bxe3 19. fxe3 Neg5 20. Nxg5 Nxg5 21. Bc4+
Kg7 22. Qd3 Be6 23. Bxe6 Nxe6 24. Qc4 Rfd8 25. Rxd8 Rxd8 26. Rd1 Rxd1+ 27. Nxd1
Qd7 28. Kf2 Ng5 29. Ke2 f5 30. Nf2 h5 31. exf5 gxf5 32. Qh4 Kg6 33. g4 Qd2+ 34.
Kxd2 Nf3+ 35. Ke2 Nxh4 36. e4 hxg4 1/2-1/2

[Event "XXXVII Open International de Metz A (>1"]
[Site "METZ"]
[Date "2019.04.08"]
[Round "6.9"]
[White "Alok Sinha"]
[Black "Thomas, Anysia"]
[Result "1-0"]
[WhiteElo "2271"]
[BlackElo "2149"]
[PlyCount "99"]
[EventDate "2019.??.??"]
[BlackTeam "Vandoeuvre-Echecs"]

1. e4 c5 2. Nf3 g6 3. d4 cxd4 4. Nxd4 Nc6 5. Nc3 Bg7 6. Nb3 Nf6 7. Be2 O-O 8.
O-O a5 9. a4 d5 10. exd5 Nb4 11. Bf3 Bf5 12. Nd4 Bc8 13. Bg5 Nfxd5 14. Nxd5
Nxd5 15. Nb5 Be6 16. c3 Rb8 17. Bxd5 Bxd5 18. Bxe7 Qxe7 19. Qxd5 Rbd8 20. Qb3
Rfe8 21. Na3 Rd2 22. Nc4 Re2 23. Rad1 Bf8 24. Ne3 Qe6 25. Qb5 Rxf2 26. Rxf2
Qxe3 27. Qxb7 Bc5 28. Qxf7+ Kh8 29. Qf6+ Kg8 30. Qf7+ Kh8 31. Kh1 Rf8 32. Qxf8+
Bxf8 33. Rxf8+ Kg7 34. Rff1 Qe4 35. Ra1 h5 36. b4 h4 37. h3 g5 38. Rf3 axb4 39.
cxb4 Qxb4 40. a5 Qd4 41. Raf1 Qa4 42. Rf7+ Kh8 43. Rb7 Kg8 44. Rc1 Qe8 45. a6
Qa8 46. Rcc7 Qe8 47. Rg7+ Kh8 48. Rh7+ Kg8 49. Rbg7+ Kf8 50. Rh8+ 1-0

[Event "XXXVII Open International de Metz A (>1"]
[Site "METZ"]
[Date "2019.04.08"]
[Round "6.10"]
[White "Navrotescu, Andreea-Cristiana"]
[Black "Llapasset, Jean-Louis"]
[Result "1-0"]
[WhiteElo "2234"]
[BlackElo "2062"]
[PlyCount "108"]
[EventDate "2019.??.??"]
[WhiteTeam "L'Echiquier du Roy René"]
[BlackTeam "Echiquier Diabolique de Canohes"]

1. Nf3 Nf6 2. c4 e6 3. b3 b6 4. g3 Bb7 5. Bg2 Be7 6. O-O O-O 7. Bb2 d5 8. d4
Nbd7 9. Nc3 c5 10. cxd5 Nxd5 11. Nxd5 Bxd5 12. Rc1 Bf6 13. e3 Qe7 14. Qe2 Be4
15. Rfd1 Rfd8 16. Ba3 Rac8 17. Nd2 Bxg2 18. Kxg2 Qe8 19. dxc5 Nxc5 20. Bxc5
bxc5 21. Ne4 Qc6 22. Rxd8+ Bxd8 23. f3 Be7 24. Qc4 f5 25. Nf2 a5 26. e4 g6 27.
Re1 Kf8 28. Nd3 Rd8 29. Nf4 Rd2+ 30. Kh3 e5 31. Ne6+ Ke8 32. Qc3 Rd6 33. exf5
Bf6 34. Nxc5 gxf5 35. a3 e4 36. Qc4 Rd5 37. b4 Be7 38. fxe4 Qh6+ 39. Kg2 Rd2+
40. Re2 Qe3 41. Qg8+ Bf8 42. Qe6+ Be7 43. Qc8+ Bd8 44. Qd7+ Rxd7 45. Rxe3 Rd2+
46. Kh3 Bg5 47. Rf3 axb4 48. Rxf5 Be3 49. axb4 Bg1 50. Kg4 Rxh2 51. Rd5 Bf2 52.
Nd3 Be3 53. b5 Ke7 54. Ne5 Rb2 1-0

[Event "XXXVII Open International de Metz A (>1"]
[Site "METZ"]
[Date "2019.04.08"]
[Round "6.11"]
[White "Luba, Lukasz"]
[Black "Muller, Etienne"]
[Result "0-1"]
[WhiteElo "2151"]
[BlackElo "2166"]
[PlyCount "80"]
[EventDate "2019.??.??"]
[BlackTeam "Echec et Mat Forbach"]

1. d4 Nf6 2. Nf3 g6 3. Nc3 Bg7 4. e4 d6 5. h3 O-O 6. Be3 Nc6 7. Qd2 e5 8. d5
Nb8 9. Bc4 Nbd7 10. Nh2 Nh5 11. g4 Nf4 12. O-O-O Nxh3 13. Nf1 Nf4 14. f3 Re8
15. Ng3 Nf8 16. Rh2 a6 17. Rdh1 b5 18. Bb3 Bd7 19. Nce2 a5 20. c3 a4 21. Bc2 a3
22. b4 Rc8 23. Kb1 c6 24. Bb3 cxd5 25. exd5 Nxe2 26. Qxe2 e4 27. f4 Rxc3 28. g5
Qc7 29. Qd2 Rd3 30. Qe1 Rc8 31. Bc2 Rc3 32. Bb3 Bg4 33. Bc1 Qa7 34. Nxe4 Rxc1+
35. Qxc1 Rxc1+ 36. Rxc1 Bf5 37. Bc2 Qd4 38. Nf6+ Bxf6 39. Bxf5 Qa1+ 40. Kc2
Qxa2+ 0-1

[Event "XXXVII Open International de Metz A (>1"]
[Site "METZ"]
[Date "2019.04.08"]
[Round "6.12"]
[White "Narendran Gouthaman"]
[Black "Colson, Arnaud"]
[Result "1-0"]
[WhiteElo "2156"]
[BlackElo "2028"]
[PlyCount "55"]
[EventDate "2019.??.??"]
[BlackTeam "Cercle d'Echecs de Creutzwald"]

1. e4 d5 2. exd5 Qxd5 3. Nc3 Qa5 4. d4 Nf6 5. Nf3 c6 6. Bc4 Bf5 7. Bd2 e6 8.
Nd5 Qd8 9. Nxf6+ Qxf6 10. Qe2 Bg4 11. d5 Bxf3 12. gxf3 cxd5 13. Bxd5 Nc6 14.
O-O-O Ba3 15. c3 Be7 16. Be4 O-O 17. h4 h6 18. Rdg1 Rfd8 19. Kb1 Kh8 20. Bg5
Qe5 21. f4 Rd2 22. Qe3 Bc5 23. fxe5 Bxe3 24. Bxe3 Rd7 25. Bxc6 bxc6 26. Rd1 Rb7
27. Rd6 Rb5 28. f4 1-0

[Event "XXXVII Open International de Metz A (>1"]
[Site "METZ"]
[Date "2019.04.08"]
[Round "6.13"]
[White "Chigaeva, Anastasia"]
[Black "Sarvadh Sathiaram"]
[Result "1-0"]
[WhiteElo "2158"]
[BlackElo "2079"]
[PlyCount "61"]
[EventDate "2019.??.??"]

1. d4 Nf6 2. c4 g6 3. Nc3 d5 4. e3 Bg7 5. Qb3 e6 6. Qa3 Nc6 7. Nf3 a5 8. b3 Nb4
9. Qb2 Ne4 10. a3 Na6 11. Be2 O-O 12. O-O c5 13. Rd1 f5 14. Bd2 cxd4 15. exd4
dxc4 16. Bxc4 Bxd4 17. Bh6 Bxc3 18. Rxd8 Rxd8 19. Qa2 b5 20. Bxb5 Bxa1 21. Qxa1
Ra7 22. h3 Nac5 23. Bc4 Nd3 24. Be3 Ra8 25. Ne5 Ndc5 26. f3 f4 27. Bxf4 Nd6 28.
Ng4 Nf7 29. Qf6 Rd7 30. Be5 Nxe5 31. Nh6# 1-0

[Event "XXXVII Open International de Metz A (>1"]
[Site "METZ"]
[Date "2019.04.08"]
[Round "6.14"]
[White "Kienitz, Andre"]
[Black "Julian, Stephane"]
[Result "1/2-1/2"]
[WhiteElo "2117"]
[BlackElo "1993"]
[PlyCount "101"]
[EventDate "2019.??.??"]
[BlackTeam "Vandoeuvre-Echecs"]

1. e4 c5 2. Nf3 d6 3. Bb5+ Bd7 4. Bxd7+ Qxd7 5. c4 e5 6. Nc3 Be7 7. d3 f5 8. a3
Nf6 9. Bg5 Nc6 10. Bxf6 Bxf6 11. exf5 Qxf5 12. Qe2 O-O 13. O-O Rad8 14. Nd5 Ne7
15. Qe4 Qd7 16. Rab1 Nxd5 17. Qxd5+ Qf7 18. Nd2 Qxd5 19. cxd5 Rc8 20. b3 Be7
21. Ne4 h5 22. Rfc1 b6 23. Rc2 Kf7 24. Rbc1 Ke8 25. Re1 Kd7 26. g3 Rf3 27. Re3
Rcf8 28. Kg2 R3f7 29. h3 g6 30. h4 Rf5 31. Rce2 R8f7 32. Nd2 g5 33. hxg5 Bxg5
34. Rf3 Bxd2 35. Rxf5 Rxf5 36. Rxd2 Ke7 37. Re2 Kf7 38. Re4 Kg6 39. b4 Rf7 40.
bxc5 bxc5 41. Ra4 Kf5 42. f3 Rb7 43. g4+ hxg4 44. fxg4+ Kg5 45. Kf3 Rb3 46. Ke3
c4 47. Rxc4 Rxa3 48. Rc6 Kxg4 49. Rxd6 Kf5 50. Rd8 e4 51. Rf8+ 1/2-1/2

[Event "XXXVII Open International de Metz A (>1"]
[Site "METZ"]
[Date "2019.04.08"]
[Round "6.15"]
[White "Sadeghi, Hassan"]
[Black "Boulet, Philippe"]
[Result "1/2-1/2"]
[WhiteElo "2112"]
[BlackElo "1971"]
[PlyCount "144"]
[EventDate "2019.??.??"]
[WhiteTeam "Cercle d'Echecs d'Evian"]
[BlackTeam "Esbarres Bonnencontre Echecs"]

1. c4 e6 2. Nf3 d5 3. d4 Nf6 4. Bg5 h6 5. Bxf6 Qxf6 6. Nc3 c6 7. Qd2 dxc4 8.
Ne5 b5 9. g3 Bb7 10. Bg2 Bb4 11. O-O Qe7 12. f4 Qc7 13. Nxb5 cxb5 14. Qxb4 Bxg2
15. Kxg2 Qb7+ 16. Kg1 Qb6 17. e3 Na6 18. Qd2 g6 19. a4 Rc8 20. axb5 Qxb5 21.
Ra5 Qb4 22. Qxb4 Nxb4 23. Rc1 O-O 24. Rxc4 Nd5 25. e4 Nb6 26. Rcc5 Rcd8 27. Nc6
Rd7 28. Rxa7 Rxa7 29. Nxa7 Ra8 30. Rc7 Kf8 31. b3 f5 32. Rb7 Nc8 33. Nb5 Ra1+
34. Kf2 Ne7 35. Nc7 fxe4 36. Nxe6+ Ke8 37. Rb8+ Kf7 38. Nd8+ Kf6 39. Rb6+ Kf5
40. Rb5+ Kg4 41. Re5 Nf5 42. Rxe4 Ra2+ 43. Re2 Rxe2+ 44. Kxe2 Nxd4+ 45. Kf2
Nxb3 46. Nf7 h5 47. Nd6 h4 48. Nc4 hxg3+ 49. hxg3 Kf5 50. Ke3 Nc5 51. Kf3 Ne6
52. Nd6+ Kf6 53. Kg4 Nd4 54. Ne4+ Kg7 55. Ng5 Kf6 56. Nf3 Nf5 57. Kh3 Nd6 58.
g4 Kg7 59. Kh4 Kh6 60. Ng5 Kg7 61. Kg3 Kf6 62. Kf3 Nc8 63. Ke4 Ne7 64. Nf3 Ke6
65. Nh4 Kf6 66. Ng2 Ke6 67. Ne3 Nc8 68. Nc4 Ne7 69. Ne5 Kf6 70. Nd7+ Ke6 71.
Nc5+ Kf6 72. g5+ Kf7 1/2-1/2

[Event "XXXVII Open International de Metz A (>1"]
[Site "METZ"]
[Date "2019.04.08"]
[Round "6.16"]
[White "Haenssel, Christian"]
[Black "Chauvin, Denis"]
[Result "0-1"]
[WhiteElo "2087"]
[BlackElo "1876"]
[PlyCount "59"]
[EventDate "2019.??.??"]
[WhiteTeam "Club d'Echecs Metz Fischer"]
[BlackTeam "Le Pion Tissalien Echecs"]

1. c4 b6 2. Nc3 Bb7 3. e4 e5 4. g3 Nf6 5. Bg2 Bb4 6. Nge2 Nc6 7. a3 Bxc3 8.
bxc3 O-O 9. O-O Re8 10. d3 h6 11. f4 d6 12. h3 Na5 13. Rb1 c6 14. Be3 Qe7 15.
Qd2 Kh7 16. Rf3 Ng8 17. Qc2 f6 18. g4 d5 19. g5 dxe4 20. fxe5 exf3 21. d4+ f5
22. Qxf5+ g6 23. Qxf3 Nxc4 24. Bf4 hxg5 25. Bxg5 Qxg5 26. Qf7+ Kh6 27. Qxc4 c5
28. Nf4 Rf8 29. Nd5 Rad8 30. Kh1 0-1

[Event "XXXVII Open International de Metz A (>1"]
[Site "METZ"]
[Date "2019.04.08"]
[Round "6.17"]
[White "Lalande, Jean-Louis"]
[Black "Veron, Cyprien"]
[Result "0-1"]
[WhiteElo "2038"]
[BlackElo "1990"]
[PlyCount "54"]
[EventDate "2019.??.??"]
[WhiteTeam "Club Avenir St Georges Section Echecs "]
[BlackTeam "Saint Hilaire Petitville"]

1. e4 e5 2. Nc3 Nf6 3. Bc4 Nxe4 4. Qh5 Nd6 5. Bb3 Nc6 6. Nb5 g6 7. Qf3 Qe7 8.
Nxc7+ Kd8 9. Nxa8 f5 10. d3 b6 11. c3 Bb7 12. Bd5 Bxa8 13. h4 h6 14. Ne2 Bg7
15. Bd2 Bb7 16. Ng3 Rf8 17. Qe2 Ba6 18. Qf3 e4 19. Qd1 exd3+ 20. Kf1 f4 21.
Bxc6 dxc6 22. Qa4 fxg3 23. Re1 Qe2+ 24. Rxe2 dxe2+ 25. Kg1 gxf2+ 26. Kh2 f1=Q
27. Qxa6 Be5+ 0-1

[Event "XXXVII Open International de Metz A (>1"]
[Site "METZ"]
[Date "2019.04.08"]
[Round "5.1"]
[White "Chigaev, Maksim"]
[Black "Devallee, Jeremie"]
[Result "1-0"]
[WhiteElo "2634"]
[BlackElo "2305"]
[PlyCount "81"]
[EventDate "2019.??.??"]
[BlackTeam "C'Chartres Echecs"]

1. e4 c5 2. Nc3 Nc6 3. Bb5 g6 4. Bxc6 dxc6 5. f4 Bg7 6. Nf3 Bg4 7. O-O Nf6 8.
Qe1 Qc7 9. d3 Bxf3 10. Rxf3 O-O-O 11. Kh1 h6 12. Rf1 b6 13. a4 a5 14. Qe2 Nd7
15. Nd1 g5 16. g3 gxf4 17. Bxf4 Be5 18. Ne3 h5 19. Nc4 Bxf4 20. gxf4 Rdg8 21.
e5 Nf8 22. c3 Qd8 23. b4 axb4 24. cxb4 Ne6 25. bxc5 Nxc5 26. Rf3 Kc7 27. a5 b5
28. Qf2 bxc4 29. Qxc5 Qd5 30. Qxd5 cxd5 31. dxc4 d4 32. Rd3 Rd8 33. Kg2 Rhg8+
34. Kf3 Kc6 35. a6 Kc5 36. Ra4 Rg1 37. a7 Ra8 38. Rb3 Rgg8 39. Ke4 Rgd8 40. Kd3
Rd7 41. Ra6 1-0

[Event "XXXVII Open International de Metz A (>1"]
[Site "METZ"]
[Date "2019.04.08"]
[Round "5.3"]
[White "Epishin, Vladimir"]
[Black "Maiorov, Nikita"]
[Result "1-0"]
[WhiteElo "2568"]
[BlackElo "2540"]
[PlyCount "28"]
[EventDate "2019.??.??"]
[WhiteTeam "Marseille Duchamps"]

1. d4 Nf6 2. c4 e6 3. Nc3 Bb4 4. Bd2 O-O 5. Nf3 b6 6. e3 Bb7 7. Bd3 d5 8. O-O
Bd6 9. Rc1 a6 10. cxd5 exd5 11. Ne5 c5 12. Re1 Nc6 13. Ne2 Qc8 14. Nc3 Ne7 1-0

[Event "XXXVII Open International de Metz A (>1"]
[Site "METZ"]
[Date "2019.04.08"]
[Round "5.5"]
[White "Di Nicolantonio, Lucas"]
[Black "Shchekachev, Andrei"]
[Result "1/2-1/2"]
[WhiteElo "2359"]
[BlackElo "2522"]
[PlyCount "51"]
[EventDate "2019.??.??"]
[WhiteTeam "Club d'Echecs de l'Agglomeration Chamberienne"]
[BlackTeam "Tremblay en France"]

1. e4 c5 2. Nf3 d6 3. d4 cxd4 4. Nxd4 Nf6 5. Nc3 Nc6 6. Bg5 e6 7. Qd2 a6 8.
O-O-O Be7 9. f4 Nxd4 10. Qxd4 b5 11. Bxf6 gxf6 12. f5 Qc7 13. Kb1 Qc5 14. Qd2
Bd7 15. Bd3 h5 16. Rhe1 b4 17. fxe6 fxe6 18. Ne2 Bf8 19. e5 Bh6 20. Bg6+ Kd8
21. Qxd6 Qxd6 22. Rxd6 Bf8 23. Rd2 fxe5 24. Red1 Ra7 25. Ng3 Ke7 26. Rf2
1/2-1/2

[Event "XXXVII Open International de Metz A (>1"]
[Site "METZ"]
[Date "2019.04.08"]
[Round "5.6"]
[White "Bujisho, Benjamin"]
[Black "Pucher, Sebastien"]
[Result "1/2-1/2"]
[WhiteElo "2339"]
[BlackElo "2309"]
[PlyCount "81"]
[EventDate "2019.??.??"]
[WhiteTeam "Chevau-légers de la Choisille"]
[BlackTeam "Club d'Echecs Metz Fischer"]

1. e4 c6 2. Nc3 d5 3. Nf3 Nf6 4. e5 Ne4 5. d4 Nxc3 6. bxc3 c5 7. Be2 e6 8. O-O
Be7 9. Be3 Nc6 10. Rb1 Qa5 11. c4 cxd4 12. Nxd4 O-O 13. cxd5 exd5 14. f4 Nxd4
15. Bxd4 Bf5 16. Bd3 Be4 17. Kh1 Qc7 18. f5 f6 19. exf6 Bxf6 20. Bxf6 Rxf6 21.
Bxe4 dxe4 22. Qd5+ Qf7 23. Qxe4 Re8 24. Qxb7 Qxb7 25. Rxb7 Rxf5 26. Kg1 Rxf1+
27. Kxf1 Rc8 28. Rxa7 Rxc2 29. h4 h5 30. Kg1 Rc4 31. g3 Rc2 32. a4 Ra2 33. a5
Kh7 34. a6 Kg6 35. Ra8 Kh7 36. Kf1 Kg6 37. Ke1 Kf5 38. Rf8+ Kg4 39. Rf7 Kxg3
40. Rxg7+ Kxh4 41. a7 1/2-1/2

[Event "XXXVII Open International de Metz A (>1"]
[Site "METZ"]
[Date "2019.04.08"]
[Round "5.7"]
[White "Omelja, Artem"]
[Black "Navrotescu, Andreea-Cristiana"]
[Result "1-0"]
[WhiteElo "2472"]
[BlackElo "2234"]
[PlyCount "122"]
[EventDate "2019.??.??"]
[BlackTeam "L'Echiquier du Roy René"]

1. Nf3 e6 2. c4 f5 3. g3 Nf6 4. Bg2 d5 5. O-O c6 6. d3 Be7 7. Nc3 O-O 8. b3 a5
9. Bb2 d4 10. Nb1 c5 11. e3 Nc6 12. exd4 cxd4 13. Re1 Re8 14. Ne5 Nxe5 15. Rxe5
Bd6 16. Bxd4 Bxe5 17. Bxe5 Nd7 18. Bb2 e5 19. Nc3 Nc5 20. Nd5 a4 21. b4 a3 22.
Bxe5 Rxe5 23. bxc5 Re8 24. d4 Be6 25. Rb1 Rb8 26. Qa4 Bxd5 27. Bxd5+ Kh8 28.
Qxa3 f4 29. Qf3 fxg3 30. hxg3 Rf8 31. Qe3 Qf6 32. Be6 Ra8 33. Rb2 h5 34. Re2 h4
35. Kg2 Rae8 36. d5 Qg6 37. Qd4 hxg3 38. Qh4+ Qh6 39. Qxh6+ gxh6 40. fxg3 Kg7
41. Rb2 Re7 42. Bg4 Kg6 43. c6 bxc6 44. dxc6 Re4 45. Be2 Kf6 46. Rc2 Ke5 47.
Bf3 Re3 48. Bd5 Kd6 49. Kh3 Ra8 50. Kh4 Raa3 51. Rg2 Rac3 52. Kg4 h5+ 53. Kh4
Re8 54. Kg5 Re5+ 55. Kh4 Ree3 56. a4 Ra3 57. a5 Re5 58. Rf2 Rxa5 59. Rf7 Re7
60. Rxe7 Kxe7 61. Kxh5 Ra3 1-0

[Event "XXXVII Open International de Metz A (>1"]
[Site "METZ"]
[Date "2019.04.08"]
[Round "5.8"]
[White "Llapasset, Jean-Louis"]
[Black "Real, Thibault"]
[Result "0-1"]
[WhiteElo "2062"]
[BlackElo "2247"]
[PlyCount "44"]
[EventDate "2019.??.??"]
[WhiteTeam "Echiquier Diabolique de Canohes"]
[BlackTeam "Lille Université Club Echiquier du Nord"]

1. e4 c5 2. Nf3 e6 3. d4 cxd4 4. Nxd4 Nc6 5. Nc3 Qc7 6. Be3 a6 7. Be2 Nf6 8.
O-O b5 9. f3 Bb7 10. Kh1 Be7 11. Qd2 Rc8 12. Bf4 d6 13. Bxb5 axb5 14. Ndxb5 Qd7
15. Nxd6+ Bxd6 16. Bxd6 Ne5 17. b3 Rxc3 18. Rfd1 Rxf3 19. Qe2 Rd3 20. Bxe5
Rxd1+ 21. Rxd1 Qc6 22. Rd4 Nxe4 0-1

[Event "XXXVII Open International de Metz A (>1"]
[Site "METZ"]
[Date "2019.04.08"]
[Round "5.9"]
[White "Hejazipour, Mitra"]
[Black "Luba, Lukasz"]
[Result "1-0"]
[WhiteElo "2255"]
[BlackElo "2151"]
[PlyCount "36"]
[EventDate "2019.??.??"]
[WhiteTeam "USAM Echiquier Brestois"]

1. Nf3 Nf6 2. c4 c6 3. e3 d5 4. Nc3 e6 5. d4 Bd6 6. Qc2 Nbd7 7. Bd3 O-O 8. O-O
Re8 9. e4 dxe4 10. Nxe4 Nxe4 11. Bxe4 g6 12. Bg5 Qc7 13. c5 Bf8 14. Rfe1 Bg7
15. Bh4 f5 16. Bd3 h6 17. Bg3 Qd8 18. Bd6 Nf6 1-0

[Event "XXXVII Open International de Metz A (>1"]
[Site "METZ"]
[Date "2019.04.08"]
[Round "5.10"]
[White "Colson, Arnaud"]
[Black "Alok Sinha"]
[Result "1/2-1/2"]
[WhiteElo "2028"]
[BlackElo "2271"]
[PlyCount "43"]
[EventDate "2019.??.??"]
[WhiteTeam "Cercle d'Echecs de Creutzwald"]

1. Nf3 d5 2. b3 Nf6 3. Bb2 Bf5 4. e3 e6 5. Be2 h6 6. Ne5 Nbd7 7. f4 Bd6 8. O-O
Qe7 9. c4 Rg8 10. d4 c6 11. Nd2 Ne4 12. Nxe4 Bxe4 13. a4 f6 14. Nxd7 Qxd7 15.
Bf3 Bxf3 16. Qxf3 f5 17. Rfc1 g5 18. g3 gxf4 19. exf4 Rg4 20. Kf2 Kf7 21. h3
Rg6 22. Rg1 1/2-1/2

[Event "XXXVII Open International de Metz A (>1"]
[Site "METZ"]
[Date "2019.04.08"]
[Round "5.11"]
[White "Ojas Kulkarni"]
[Black "Sadeghi, Hassan"]
[Result "1-0"]
[WhiteElo "2240"]
[BlackElo "2112"]
[PlyCount "53"]
[EventDate "2019.??.??"]
[BlackTeam "Cercle d'Echecs d'Evian"]

1. g3 d5 2. Nf3 Bg4 3. Bg2 Nd7 4. c4 c6 5. cxd5 cxd5 6. Qb3 Nc5 7. Qd1 Bxf3 8.
Bxf3 e5 9. d4 e4 10. dxc5 exf3 11. Be3 fxe2 12. Qxe2 Be7 13. Bd4 Kf8 14. O-O
Qd7 15. Nc3 h5 16. Rad1 Qe6 17. Qf3 Rd8 18. Rfe1 Qc6 19. b4 b5 20. Re5 h4 21.
Rxd5 Rc8 22. Qg4 Nf6 23. Bxf6 Bxf6 24. Rd6 Qe8 25. Nd5 hxg3 26. hxg3 Be5 27.
Nc7 1-0

[Event "XXXVII Open International de Metz A (>1"]
[Site "METZ"]
[Date "2019.04.08"]
[Round "5.12"]
[White "Muller, Etienne"]
[Black "Chigaeva, Anastasia"]
[Result "1/2-1/2"]
[WhiteElo "2166"]
[BlackElo "2158"]
[PlyCount "99"]
[EventDate "2019.??.??"]
[WhiteTeam "Echec et Mat Forbach"]

1. e4 e6 2. Nf3 d5 3. Nc3 Nf6 4. e5 Nfd7 5. d4 c5 6. Bg5 Qb6 7. dxc5 Nxc5 8.
Qd2 a6 9. O-O-O Nc6 10. h4 Qc7 11. Bd3 b5 12. Bf4 Bb7 13. Rhe1 O-O-O 14. Kb1 b4
15. Ne2 Ne4 16. Qe3 Bc5 17. Ned4 Qb6 18. Bf1 Nc3+ 19. bxc3 bxc3+ 20. Bb5 Nxd4
21. Nxd4 Bxd4 22. Rxd4 Qxb5+ 23. Kc1 Qb2+ 24. Kd1 Bc6 25. Qc1 Kc7 26. Bg5 Rb8
27. Be7 Kd7 28. Bd6 Qxc1+ 29. Kxc1 Rb2 30. Re3 Rxa2 31. Rxc3 Rc8 32. Kb1 Ra4
33. Rxa4 Bxa4 34. Rxc8 Kxc8 35. Bf8 g6 36. Kb2 Kb7 37. Bc5 Kc6 38. Be3 Bb5 39.
Kb3 Bf1 40. g3 Kb5 41. Kc3 a5 42. Bh6 Bh3 43. Bf8 Bf5 44. Be7 Kc6 45. Bf8 h5
46. Be7 Be4 47. Bf8 Bf3 48. Be7 Kd7 49. Bc5 Ke8 50. Kb3 1/2-1/2

[Event "XXXVII Open International de Metz A (>1"]
[Site "METZ"]
[Date "2019.04.08"]
[Round "5.13"]
[White "Julian, Stephane"]
[Black "Narendran Gouthaman"]
[Result "1/2-1/2"]
[WhiteElo "1993"]
[BlackElo "2156"]
[PlyCount "52"]
[EventDate "2019.??.??"]
[WhiteTeam "Vandoeuvre-Echecs"]

1. e4 c5 2. Nf3 d6 3. d4 cxd4 4. Nxd4 Nf6 5. Nc3 a6 6. h3 e5 7. Nde2 b5 8. g4
b4 9. Nd5 Nxd5 10. Qxd5 Ra7 11. Be3 Be6 12. Qd2 Rb7 13. Bg2 Be7 14. O-O h5 15.
g5 h4 16. f4 exf4 17. Bxf4 Nc6 18. c3 O-O 19. cxb4 Qb6+ 20. Kh1 Qxb4 21. b3
Qxd2 22. Bxd2 Rb5 23. Nc3 Rc5 24. Nd5 Rc2 25. Bf4 Bxd5 26. exd5 Ne5 1/2-1/2

[Event "XXXVII Open International de Metz A (>1"]
[Site "METZ"]
[Date "2019.04.08"]
[Round "5.14"]
[White "Thomas, Anysia"]
[Black "Veron, Cyprien"]
[Result "1-0"]
[WhiteElo "2149"]
[BlackElo "1990"]
[PlyCount "87"]
[EventDate "2019.??.??"]
[WhiteTeam "Vandoeuvre-Echecs"]
[BlackTeam "Saint Hilaire Petitville"]

1. d4 Nf6 2. c4 g6 3. Nc3 Bg7 4. e4 d6 5. h3 O-O 6. Nf3 e5 7. d5 Na6 8. Be3 Nc5
9. Nd2 a5 10. g4 Ne8 11. Be2 f5 12. exf5 gxf5 13. h4 fxg4 14. Nde4 Nxe4 15.
Nxe4 Nf6 16. Bg5 Qe8 17. Nxf6+ Bxf6 18. Be3 Qg6 19. h5 Qe4 20. Rg1 Bh4 21. Qd3
Qxd3 22. Bxd3 Bd7 23. Rh1 Be7 24. O-O-O Kh8 25. Rdg1 Rg8 26. Rg3 Raf8 27. Be2
Bf5 28. Bh6 Rf6 29. Be3 Rf7 30. Rhg1 Rfg7 31. Kd1 Bg5 32. h6 Rg6 33. Bxg5 Rxg5
34. f3 R8g6 35. fxg4 Bb1 36. Kd2 Bf5 37. Rf1 Bc8 38. Rf8+ Rg8 39. Rf7 Bxg4 40.
Bd3 e4 41. Bxe4 Re8 42. Bd3 c6 43. Rg7 Rge5 44. R7xg4 1-0